000 00360nam a2200133Ia 4500
008 150202s9999 xx 000 0 und d
020 _a345380371
050 _aFIC
_bFIC
100 _aCrichton, Michael.
245 _aRising sun /
_cMichael Crichton.
260 _aNew York :
_bBallantine Books,
_c1992.
300 _a399 pages :
_c18 cm.
650 _aFiction.
999 _c282071
_d282071